Multiphoton processes in radiation of relativistic electrons in oriented crystals; Nuclear Instruments and Methods in Physics Research Section B: Beam Interactions with Materials and Atoms; Vol. 173, iss. 1-2
| Parent link: | Nuclear Instruments and Methods in Physics Research Section B: Beam Interactions with Materials and Atoms.— , 2001 Vol. 173, iss. 1-2.— 2001.— P. 126-131 |
|---|---|
| Yazar: | |
| Diğer Yazarlar: | |
| Özet: | The number of bremsstrahlung photons and the resulting energy loss for an electron passing through a crystal are random quantities. The kinetic equation for the energy loss distribution has been derived and transformed into the equations for the distributions moments. The equations for the moments have been solved in continuous slowing down approximation using full screening Bethe-Heitler formulas for incoherent bremsstrahlung cross-sections and simple phenomenological expressions for coherent bremsstrahlung and channeling radiation. The solutions were used to calculate the number of "coherent" photons per unit path length and the mean energy of a photon. They were expressed in terms of the moments of energy loss distribution which can be determined experimentally. The results are compared with the data of other authors. В фонде НТБ ТПУ отсутствует |
| Dil: | İngilizce |
| Baskı/Yayın Bilgisi: |
2001
|
| Konular: | |
| Materyal Türü: | Kitap Bölümü |
| KOHA link: | https://koha.lib.tpu.ru/cgi-bin/koha/opac-detail.pl?biblionumber=595862 |
MARC
| LEADER | 00000naa0a2200000 4500 | ||
|---|---|---|---|
| 001 | 595862 | ||
| 005 | 20250312111136.0 | ||
| 035 | |a (RuTPU)RU\TPU\tpu\17708 | ||
| 035 | |a RU\TPU\tpu\17690 | ||
| 090 | |a 595862 | ||
| 100 | |a 20100621d2001 k||y0rusy50 ba | ||
| 101 | 0 | |a eng | |
| 102 | |a NL | ||
| 200 | 1 | |a Multiphoton processes in radiation of relativistic electrons in oriented crystals |f A. Kolchuzhkin, A. P. Potylitsyn | |
| 330 | |a The number of bremsstrahlung photons and the resulting energy loss for an electron passing through a crystal are random quantities. The kinetic equation for the energy loss distribution has been derived and transformed into the equations for the distributions moments. The equations for the moments have been solved in continuous slowing down approximation using full screening Bethe-Heitler formulas for incoherent bremsstrahlung cross-sections and simple phenomenological expressions for coherent bremsstrahlung and channeling radiation. The solutions were used to calculate the number of "coherent" photons per unit path length and the mean energy of a photon. They were expressed in terms of the moments of energy loss distribution which can be determined experimentally. The results are compared with the data of other authors. | ||
| 333 | |a В фонде НТБ ТПУ отсутствует | ||
| 461 | |t Nuclear Instruments and Methods in Physics Research Section B: Beam Interactions with Materials and Atoms |d 2001 | ||
| 463 | |t Vol. 173, iss. 1-2 |v P. 126-131 |d 2001 | ||
| 610 | 1 | |a труды учёных ТПУ | |
| 700 | 1 | |a Kolchuzhkin |b A. | |
| 701 | 1 | |a Potylitsyn |b A. P. |c Russian physicist |c Professor of the TPU |f 1945- |g Alexander Petrovich |3 (RuTPU)RU\TPU\pers\26306 |9 12068 | |
| 801 | 1 | |a RU |b 63413507 |c 20100618 | |
| 801 | 2 | |a RU |b 63413507 |c 20150515 |g RCR | |
| 942 | |c CR | ||